| 000 | 00999nas a2200301 4500 | ||
|---|---|---|---|
| 001 | BR2010000913 | ||
| 003 | BR-BrBNA | ||
| 005 | 20231205113919.0 | ||
| 007 | ta | ||
| 008 | 230509b bl.|||p| |||| 00| 00por d | ||
| 040 |
_aBR-BrBNA _bpor _cBiblioteca Nacional de Agricultura |
||
| 041 | _a(Es) | ||
| 072 | _aH10 | ||
| 100 | 1 | _aGarcia, G.L. | |
| 100 | 1 | _aOrtega-Arenas, L. | |
| 100 | 1 | _aHernandez, H.G. | |
| 100 | 1 | _aGarcia, A.A. | |
| 100 | 1 | _aNápoles, J.R. | |
| 100 | 1 | _aCortes, R.R. | |
| 245 | 1 | _aDescripción de las larvas de tercer instar de Melolonthidae (Coleoptera)asociadas al cultivo de Agave tequilana var. Azul y su fluctuación poblacional en Jalisco, Mexico | |
| 650 | _aPLANTA PRODUTORA DE DROGA | ||
| 650 | _aCOLEOPTERA | ||
| 650 | _aLARVA | ||
| 650 | _aFLUTUAÇÃO POPULACIONAL | ||
| 773 | 0 |
_tNeotropical Entomology (Brazil) _xISSN 1519-566X _g(Nov-Dec 2009), v. 38(6) p. 769-780 _wBR2010000913 |
|
| 909 |
_a202311 _bLúcia _c55 _dLúcia Elande |
||
| 942 |
_2AGRIS _n0 _cANA |
||
| 999 |
_c206253 _d206253 |
||